Visto y no visto: el uso de la imagen como documento histórico
Zapisane w:
| 1. autor: | |
|---|---|
| Format: | Książka |
| Język: | hiszpański |
| Wydane: |
Barcelona
Crítica
2001
|
| Seria: | Crítica Letras de Humanidad
|
| Hasła przedmiotowe: | |
| Etykiety: |
Dodaj etykietę
Nie ma etykietki, Dołącz pierwszą etykiete!
|
MARC
| LEADER | 00000nam a2200000 a 4500 | ||
|---|---|---|---|
| 001 | UCK6434 | ||
| 003 | CL-VaPUC | ||
| 008 | 050930e20010000SP |||||||||||||||||spa|d | ||
| 020 | |a 8484322696 | ||
| 082 | 0 | 4 | |a 907.2 |b BUR |2 21 |
| 100 | 0 | |a Burke, Peter |e author |9 495748 | |
| 245 | 1 | 0 | |a Visto y no visto: el uso de la imagen como documento histórico |
| 300 | |a 285 p | ||
| 942 | |c BK | ||
| 945 | |d 20050930 00:00:00 |a jcarroza | ||
| 260 | |a Barcelona |b Crítica |c 2001 | ||
| 650 | 0 | |a Enseñanza de la historia |9 307330 | |
| 650 | 0 | |a Métodos de enseñanza |9 270413 | |
| 650 | 0 | |a Cine histórico |9 269320 | |
| 650 | 0 | |a Imágenes |9 361884 | |
| 583 | |a last modification |c 20180403 08:54:53 |k Rodrigo Vera | ||
| 490 | 0 | |a Crítica Letras de Humanidad | |
| 999 | |c 314721 |d 314719 | ||
| 952 | |0 0 |1 0 |4 0 |6 907_200000000000000_BUR_2001 |7 0 |8 A |9 387428 |a BIBHIS |b BIBHIS |d 2019-11-22 |i 4152255 |l 2 |o 907.2 BUR 2001 |p 4152255 |r 2025-01-20 |s 2022-06-01 |w 2019-11-22 |y BK |k MHI | ||